Online
Catalog

Historia de la filosofía moderna en su relación con la cultura general y las ciencias particulares / (Record no. 34487)

MARC details
000 -CABECERA
campo de control de longitud fija 00963nam a2200241 a 4500
001 - NÚMERO DE CONTROL
campo de control 000034996
005 - FECHA Y HORA DE LA ÚLTIMA TRANSACCIÓN
campo de control 20200930074033.0
008 - DATOS DE LONGITUD FIJA--INFORMACIÓN GENERAL
campo de control de longitud fija 090819s1951 ag 001 0 spa d
040 ## - FUENTE DE LA CATALOGACIÓN
Centro catalogador/agencia de origen DO-SdBNP
Lengua de catalogación spa
Centro/agencia transcriptor BNPHU
082 ## - NÚMERO DE LA CLASIFICACIÓN DECIMAL DEWEY
Número de clasificación 190
Número de documento/Ítem G216h
100 1# - ENTRADA PRINCIPAL--NOMBRE DE PERSONA
Nombre de persona Windelband, W.
9 (RLIN) 60605
240 10 - TÍTULO UNIFORME
Título uniforme Die geschichte der neueren philosophte in ibrem zusammenhange mit der allgemeinen kultur und den besonderen wissenschaften
Lenguaje de la obra Español
245 10 - MENCIÓN DE TÍTULO
Título Historia de la filosofía moderna en su relación con la cultura general y las ciencias particulares /
Mención de responsabilidad, etc. W. Windelband ; traducción del alemán por Elsa Tabernig.
260 ## - PUBLICACIÓN, DISTRIBUCIÓN, ETC.
Lugar de publicación, distribución, etc. Bueno Aires :
Nombre del editor, distribuidor, etc. Nova,
Fecha de publicación, distribución, etc. 1951.
300 ## - DESCRIPCIÓN FÍSICA
Extensión 2v ;
Dimensiones 23 cm.
490 1# - MENCIÓN DE SERIE
Mención de serie La vida del espiritu
500 ## - NOTA GENERAL
Nota general La biblioteca posee v.1
500 ## - NOTA GENERAL
Nota general Traducido del alemán
650 #4 - PUNTO DE ACCESO ADICIONAL DE MATERIA--TÉRMINO DE MATERIA
Término de materia o nombre geográfico como elemento de entrada Filosofía moderna
Subdivisión general Historia
9 (RLIN) 35996
700 12 - PUNTO DE ACCESO ADICIONAL--NOMBRE DE PERSONA
Nombre de persona Tabernig, Elsa
Término indicativo de función/relación tr.
9 (RLIN) 8755
830 #0 - PUNTO DE ACCESO ADICIONAL DE SERIE-TÍTULO UNIFORME
Título uniforme La vida del espiritu
9 (RLIN) 8693
910 ## - DATOS DE OPCIÓN DEL USUARIO (OCLC)
Datos de opción del usuario Validado. Control de calidad MFF
Holdings
Estado de retiro Estado de pérdida Restricciones de uso No para préstamo Código de colección Localización permanente Ubicación/localización actual Ubicación en estantería Fecha de adquisición Número de inventario Total de préstamos Signatura topográfica completa Código de barras Fecha visto por última vez Precio válido a partir de Tipo de ítem Koha Nota pública
      Excluido de préstamo Raros y valiosos General General Depósito 24.10.2011 LF1   v.1 34996-10 25.06.2020 25.06.2020 No se presta Perteneció a la biblioteca personal de Juan Isidro Jimenes -Grullón

Powered by Koha